The body owner's handbook / (Record no. 1908)

MARC details
000 -LEADER
fixed length control field 00876 am a2200241ua 4500
005 - DATE AND TIME OF LATEST TRANSACTION
control field 20240927112122.0
020 ## - INTERNATIONAL STANDARD BOOK NUMBER
International Standard Book Number 0439981069 (pbk.) :
Terms of availability £3.99
040 ## - CATALOGING SOURCE
Original cataloging agency StDuBDS
Modifying agency Uk
082 04 - DEWEY DECIMAL CLASSIFICATION NUMBER
Classification number 612
Edition number 21
100 1# - MAIN ENTRY--PERSONAL NAME
Personal name Arnold, Nick.
245 14 - TITLE STATEMENT
Title The body owner's handbook /
Statement of responsibility, etc. Nick Arnold ; illustrated by Tony de Saulles.
260 ## - PUBLICATION, DISTRIBUTION, ETC.
Place of publication, distribution, etc. London :
Name of publisher, distributor, etc. Scholastic,
Date of publication, distribution, etc. 2002.
300 ## - PHYSICAL DESCRIPTION
Extent 160 pages :
Other physical details illustrations ;
Dimensions 20 cm
490 1# - SERIES STATEMENT
Series statement Horrible science
505 ## - FORMATTED CONTENTS NOTE
Formatted contents note Z
520 ## - SUMMARY, ETC.
Summary, etc. In this guide you'll discover a range of body bits and fantastic features you didn't even know you had, including an auto-repair function, a built-in cooling system, top-of-the-range sensory equipment, and waste disposal.
521 ## - TARGET AUDIENCE NOTE
Target audience note 1000 <br/>
Source Lexile
521 ## - TARGET AUDIENCE NOTE
Target audience note Z <br/>
Source Raz-Plus
650 #0 - SUBJECT ADDED ENTRY--TOPICAL TERM
Topical term or geographic name entry element Body, Human
Form subdivision Juvenile literature.
700 1# - ADDED ENTRY--PERSONAL NAME
Personal name De Saulles, Tony.
942 ## - ADDED ENTRY ELEMENTS (KOHA)
Source of classification or shelving scheme Dewey Decimal Classification
Koha item type Books
Suppress in OPAC No
999 ## -
-- 1908
-- 1908
Holdings
Withdrawn status Lost status Source of classification or shelving scheme Damaged status Not for loan Collection Home library Current library Shelving location Date acquired Total Checkouts Full call number Barcode Date last seen Copy number Price effective from Koha item type Date last checked out
    Library of Congress Classification     Juvenile Fiction Footprints International School Library Network Toul Kork Campus Footprints International School Library Network Toul Kork Campus   10/09/2023   ARN 612 PZ7 FISTKG3A069 10/09/2023 1 10/09/2023 Books  
    Library of Congress Classification     Juvenile Fiction Footprints International School Library Network Toul Tom Poung Campus Footprints International School Library Network Toul Tom Poung Campus TTP Secondary Fiction Bookshelves 10/09/2023 2 ARN 612 PZ7 FIS01167 12/17/2025 2 10/09/2023 Books 11/12/2025